00748nam a22001937a 450000500170000000800410001702000150005805000230007310000430009624501320013925000110027126000410028230000270032350000210035065000720037165000290044365000340047270000480050620200120125747.0200120b sp ||||| |||| 00| 0 spa d a848155381604aKKT3482 bO63 19981 aRodríguez García, José Antonio, 13aEl control de los medios de comunicaciónc/ José Antonio Rodríguez García; Prólogo de Dionisio Llamazares Fernández a1a ed. aMadrid, España :bDykinson, c1998 axxix, 299 p. ;c24 cm. aIncluye índice 72lembaMedios de comunicación masiva yLey y legislacionzEspaña 72lembaLibertad de prensa 72lembaLibertad de expresión1 aLlamazares Fernández, DionisioePrólogo